Asymptotic expansions /
Guardado en:
| Autor Principal: | |
|---|---|
| Formato: | Libro |
| Idioma: | English |
| Publicado: |
Cambridge, [Eng.] :
University Press,
1965.
|
| Series: | Cambridge tracts in mathematics and mathematical physics ;
no. 55 |
| Etiquetas: |
Agregar Etiqueta
Sin Etiquetas, Sea el primero en etiquetar este registro!
|
| LEADER | 00943cam a22002055a 4500 | ||
|---|---|---|---|
| 001 | MAT.inmabb002310 | ||
| 008 | 841127s1965####enka#####b####001#0#eng#d | ||
| 005 | 20130307161413.0 | ||
| 245 | 1 | 0 | |a Asymptotic expansions / |c by E. T. Copson. |
| 260 | |a Cambridge, [Eng.] : |b University Press, |c 1965. | ||
| 300 | |a 120 p. : |b il. ; |c 23 cm. | ||
| 440 | 0 | |a Cambridge tracts in mathematics and mathematical physics ; |v no. 55 | |
| 505 | 8 | |a 1. Introduction -- 2. Preliminaries -- 3. Integration by parts -- 4. The method of stationary phase -- 5. The method of Laplace -- 6. Watson's lemma -- 7. The method of steepest descents -- 8. The saddle-point method -- 9. Airy's integral -- 10. Uniform asymptotic expansions. | |
| 504 | |a Bibliografía: p. 118-119. | ||
| 510 | 4 | |a MR, |c 29 #6234 | |
| 020 | |a 0521047218 | ||
| 100 | 1 | |a Copson, E. T. |q (Edward Thomas), |d 1901-1980. | |
| 084 | |a 41A60 |2 msc2000 | ||
| 010 | |a 64021568 | ||
| 859 | |h 41 |i C785 |p A-3980 |b BIB. MATEMATICA | ||
